[Event "Team men HL 2016"]
[Site "Sochi"]
[Date "2016.05.07"]
[Round "6.4"]
[White "Arkhipov, Sergey"]
[Black "Shariyazdanov, Andrey"]
[Result "0-1"]
[LiveChessVersion "1.4.4"]
[BlackElo "2527"]
[WhiteElo "2480"]

1. d4 {[%clk 1:30:52]} Nf6 {[%clk 1:30:57]} 2. c4 {[%clk 1:30:51]} e6
{[%clk 1:31:21]} 3. Nf3 {[%clk 1:31:07]} Bb4+ {[%clk 1:31:08]} 4. Nbd2
{[%clk 1:30:55]} O-O {[%clk 1:31:03]} 5. a3 {[%clk 1:30:49]} Be7 {[%clk 1:31:06]}
6. e4 {[%clk 1:30:32]} d5 {[%clk 1:31:25]} 7. e5 {[%clk 1:28:37]} Nfd7
{[%clk 1:31:50]} 8. b4 {[%clk 1:16:07]} a5 {[%clk 1:27:02]} 9. b5
{[%clk 1:16:04]} c5 {[%clk 1:27:28]} 10. Bb2 {[%clk 1:11:52]} cxd4
{[%clk 1:13:25]} 11. Bxd4 {[%clk 1:06:38]} Nc5 {[%clk 1:13:29]} 12. Be2
{[%clk 1:04:32]} Nbd7 {[%clk 1:13:44]} 13. O-O {[%clk 1:03:25]} Nb6
{[%clk 1:05:06]} 14. Qc2 {[%clk 1:00:06]} dxc4 {[%clk 1:01:08]} 15. Nxc4
{[%clk 0:59:42]} Nxc4 {[%clk 1:01:00]} 16. Qxc4 {[%clk 0:57:21]} b6
{[%clk 1:01:05]} 17. Be3 {[%clk 0:55:53]} Bb7 {[%clk 1:00:37]} 18. Qg4
{[%clk 0:55:55]} Re8 {[%clk 0:55:35]} 19. h4 {[%clk 0:40:54]} Qc7
{[%clk 0:53:35]} 20. h5 {[%clk 0:36:35]} Rad8 {[%clk 0:51:16]} 21. Bh6
{[%clk 0:33:39]} Bf8 {[%clk 0:44:34]} 22. Bxg7 {[%clk 0:32:51]} Bxf3
{[%clk 0:44:43]} 23. Bxf3 {[%clk 0:31:14]} Bxg7 {[%clk 0:45:03]} 24. h6
{[%clk 0:30:31]} Qxe5 {[%clk 0:45:18]} 25. Bc6 {[%clk 0:29:12]} Rf8
{[%clk 0:43:39]} 26. Rae1 {[%clk 0:25:54]} Qf6 {[%clk 0:34:19]} 27. hxg7
{[%clk 0:25:39]} Qxg7 {[%clk 0:34:44]} 28. Qh5 {[%clk 0:21:43]} Kh8
{[%clk 0:22:32]} 29. Re3 {[%clk 0:21:17]} f5 {[%clk 0:21:33]} 30. Rg3
{[%clk 0:19:28]} Qf7 {[%clk 0:18:54]} 31. Qe2 {[%clk 0:19:09]} Qf6
{[%clk 0:19:15]} 32. Rd1 {[%clk 0:18:30]} Rxd1+ {[%clk 0:19:01]} 33. Qxd1
{[%clk 0:18:58]} e5 {[%clk 0:19:16]} 34. Rh3 {[%clk 0:15:14]} e4 {[%clk 0:16:31]}
35. Qh5 {[%clk 0:14:10]} Qg7 {[%clk 0:15:35]} 36. Bd5 {[%clk 0:08:30]} Nd3
{[%clk 0:14:43]} 37. Rg3 {[%clk 0:08:00]} Qa1+ {[%clk 0:13:36]} 38. Kh2
{[%clk 0:08:29]} Nxf2 {[%clk 0:13:28]} 0-1

[Event "Team men HL 2016"]
[Site "Sochi"]
[Date "2016.05.07"]
[Round "6.6"]
[White "Bernadskiy, Vitaliy"]
[Black "Chigaev, Maksim"]
[Result "1/2-1/2"]
[LiveChessVersion "1.4.4"]
[BlackElo "2552"]
[WhiteElo "2526"]

1. d4 {[%clk 1:30:56]} Nf6 {[%clk 1:30:54]} 2. c4 {[%clk 1:31:24]} e6
{[%clk 1:31:18]} 3. Nc3 {[%clk 1:30:17]} Bb4 {[%clk 1:31:40]} 4. e3
{[%clk 1:30:12]} c5 {[%clk 1:32:03]} 5. Nge2 {[%clk 1:29:10]} b6 {[%clk 1:31:42]}
6. a3 {[%clk 1:29:09]} Ba5 {[%clk 1:31:54]} 7. Rb1 {[%clk 1:22:56]} Na6
{[%clk 1:30:47]} 8. g3 {[%clk 1:22:17]} cxd4 {[%clk 1:28:05]} 9. exd4
{[%clk 1:19:34]} Bb7 {[%clk 1:28:25]} 10. d5 {[%clk 1:17:53]} Bxc3+
{[%clk 1:28:08]} 11. Nxc3 {[%clk 1:17:59]} O-O {[%clk 1:28:24]} 12. Bg2
{[%clk 1:15:11]} Qc7 {[%clk 1:28:06]} 13. Qd4 {[%clk 0:57:51]} Rac8
{[%clk 1:28:11]} 14. Bg5 {[%clk 0:49:21]} Qxc4 {[%clk 1:28:31]} 15. Bxf6
{[%clk 0:49:14]} gxf6 {[%clk 1:28:54]} 16. Qxf6 {[%clk 0:47:17]} exd5
{[%clk 1:25:22]} 17. Qg5+ {[%clk 0:36:04]} Kh8 {[%clk 1:25:47]} 18. Qf6+
{[%clk 0:34:39]} Kg8 {[%clk 1:26:10]} 19. Qg5+ {[%clk 0:31:11]} Kh8
{[%clk 1:26:33]} 20. Qf6+ {[%clk 0:29:50]} Kg8 {[%clk 1:26:56]} 21. Qg5+
{[%clk 0:29:28]} Kh8 1/2-1/2

[Event "Team men HL 2016"]
[Site "Sochi"]
[Date "2016.05.07"]
[Round "6.7"]
[White "Rozum, Ivan"]
[Black "Yuffa, Daniil"]
[Result "0-1"]
[LiveChessVersion "1.4.4"]
[BlackElo "2503"]
[WhiteElo "2559"]

1. d4 {[%clk 1:30:58]} Nf6 {[%clk 1:30:48]} 2. c4 {[%clk 1:31:22]} g6
{[%clk 1:30:49]} 3. Nc3 {[%clk 1:31:44]} Bg7 {[%clk 1:31:14]} 4. e4
{[%clk 1:32:08]} d6 {[%clk 1:31:42]} 5. f3 {[%clk 1:32:32]} O-O {[%clk 1:32:07]}
6. Nge2 {[%clk 1:32:40]} c5 {[%clk 1:32:04]} 7. d5 {[%clk 1:33:00]} e6
{[%clk 1:30:51]} 8. Ng3 {[%clk 1:33:20]} exd5 {[%clk 1:30:09]} 9. cxd5
{[%clk 1:33:33]} Nh5 {[%clk 1:27:11]} 10. Nxh5 {[%clk 1:30:23]} gxh5
{[%clk 1:27:36]} 11. Be3 {[%clk 1:27:00]} f5 {[%clk 1:17:25]} 12. Qd2
{[%clk 1:25:41]} Qh4+ {[%clk 1:04:35]} 13. g3 {[%clk 1:16:10]} Qe7
{[%clk 0:52:34]} 14. Be2 {[%clk 1:15:51]} Nd7 {[%clk 0:48:46]} 15. O-O
{[%clk 1:12:48]} Ne5 {[%clk 0:43:14]} 16. Rae1 {[%clk 1:03:09]} fxe4
{[%clk 0:35:43]} 17. Nxe4 {[%clk 1:01:36]} Bh3 {[%clk 0:31:35]} 18. Rf2
{[%clk 1:01:00]} Ng4 {[%clk 0:28:24]} 19. fxg4 {[%clk 0:39:32]} Qxe4
{[%clk 0:28:34]} 20. Bd1 {[%clk 0:35:15]} Rxf2 {[%clk 0:21:48]} 21. Qxf2
{[%clk 0:34:38]} Re8 {[%clk 0:16:14]} 22. Bf3 {[%clk 0:29:45]} Qe7
{[%clk 0:14:36]} 23. Qe2 {[%clk 0:13:58]} hxg4 {[%clk 0:09:54]} 24. Bf2
{[%clk 0:10:14]} Qxe2 {[%clk 0:10:09]} 25. Rxe2 {[%clk 0:10:16]} Rxe2
{[%clk 0:10:27]} 26. Bxe2 {[%clk 0:10:42]} Bxb2 {[%clk 0:10:48]} 27. Be3
{[%clk 0:10:57]} Bd4 {[%clk 0:09:49]} 28. Bxd4 {[%clk 0:10:59]} cxd4
{[%clk 0:10:16]} 29. Bd3 {[%clk 0:09:10]} Kg7 {[%clk 0:10:34]} 30. Kf2
{[%clk 0:09:30]} h6 {[%clk 0:10:44]} 31. a4 {[%clk 0:07:35]} Kf6 {[%clk 0:11:06]}
32. Bc4 {[%clk 0:07:58]} Ke5 {[%clk 0:11:16]} 33. Bb3 {[%clk 0:08:12]} 0-1

[Event "Team men HL 2016"]
[Site "Sochi"]
[Date "2016.05.07"]
[Round "6.8"]
[White "Lugovskoy, Maxim"]
[Black "Yevseev, Denis"]
[Result "1/2-1/2"]
[LiveChessVersion "1.4.4"]
[BlackElo "2526"]
[WhiteElo "2491"]

1. e4 {[%clk 1:30:56]} c6 {[%clk 1:30:51]} 2. d4 {[%clk 1:31:22]} d5
{[%clk 1:31:16]} 3. f3 {[%clk 1:31:49]} e6 {[%clk 1:31:01]} 4. Nc3
{[%clk 1:32:13]} Qb6 {[%clk 1:30:52]} 5. a3 {[%clk 1:32:11]} Nd7 {[%clk 1:30:43]}
6. Be3 {[%clk 1:31:23]} Bd6 {[%clk 1:28:27]} 7. Na4 {[%clk 1:23:01]} Qd8
{[%clk 1:25:49]} 8. Nc3 {[%clk 1:21:04]} Qb6 {[%clk 1:23:36]} 9. Bd3
{[%clk 1:16:22]} Ne7 {[%clk 1:22:22]} 10. Nge2 {[%clk 1:16:18]} O-O
{[%clk 1:13:41]} 11. O-O {[%clk 1:15:56]} e5 {[%clk 1:10:21]} 12. exd5
{[%clk 1:12:02]} Nxd5 {[%clk 1:05:59]} 13. Nxd5 {[%clk 1:10:32]} cxd5
{[%clk 1:06:23]} 14. Qd2 {[%clk 1:10:19]} Qc7 {[%clk 1:02:16]} 15. Kh1
{[%clk 1:04:47]} Nb6 {[%clk 0:56:24]} 16. dxe5 {[%clk 0:54:53]} Bxe5
{[%clk 0:56:44]} 17. Bd4 {[%clk 0:54:39]} Bd7 {[%clk 0:54:15]} 18. Rae1
{[%clk 0:41:51]} Rfe8 {[%clk 0:52:19]} 19. Qb4 {[%clk 0:25:27]} Nc4
{[%clk 0:43:19]} 20. Bxc4 {[%clk 0:24:30]} dxc4 {[%clk 0:38:57]} 21. Bxe5
{[%clk 0:22:15]} Rxe5 {[%clk 0:35:12]} 22. Kg1 {[%clk 0:21:59]} Kh8
{[%clk 0:35:26]} 23. Kh1 {[%clk 0:22:26]} Kg8 {[%clk 0:35:50]} 24. Kg1
{[%clk 0:22:53]} Kh8 {[%clk 0:36:11]} 25. Kh1 {[%clk 0:23:20]} Re6
{[%clk 0:35:54]} 1/2-1/2

[Event "Team men HL 2016"]
[Site "Sochi"]
[Date "2016.05.07"]
[Round "6.9"]
[White "Moskalenko, Alexander"]
[Black "Potapov, Pavel"]
[Result "1/2-1/2"]
[LiveChessVersion "1.4.4"]
[BlackElo "2485"]
[WhiteElo "2464"]

1. e4 {[%clk 1:30:38]} c5 {[%clk 1:30:23]} 2. Nc3 {[%clk 1:30:56]} Nc6
{[%clk 1:30:35]} 3. Nf3 {[%clk 1:31:16]} e5 {[%clk 1:30:41]} 4. Bc4
{[%clk 1:30:51]} Be7 {[%clk 1:31:03]} 5. d3 {[%clk 1:31:13]} Nf6 {[%clk 1:27:49]}
6. Ng5 {[%clk 1:26:38]} O-O {[%clk 1:28:07]} 7. f4 {[%clk 1:27:05]} exf4
{[%clk 1:27:11]} 8. Bxf4 {[%clk 1:27:07]} h6 {[%clk 1:22:41]} 9. Nxf7
{[%clk 1:19:21]} Rxf7 {[%clk 1:21:20]} 10. Bxf7+ {[%clk 1:18:18]} Kxf7
{[%clk 1:21:46]} 11. e5 {[%clk 1:18:39]} Ne8 {[%clk 1:01:03]} 12. Qh5+
{[%clk 1:09:09]} Kg8 {[%clk 1:01:15]} 13. O-O {[%clk 0:52:04]} d6
{[%clk 0:33:39]} 14. exd6 {[%clk 0:44:25]} Nxd6 {[%clk 0:32:32]} 15. Rae1
{[%clk 0:37:35]} Kh7 {[%clk 0:25:39]} 16. Nd5 {[%clk 0:25:33]} Bg5
{[%clk 0:14:51]} 17. Bxd6 {[%clk 0:13:38]} Qxd6 {[%clk 0:15:04]} 18. Qe8
{[%clk 0:13:49]} Bd7 {[%clk 0:07:31]} 19. Qxa8 {[%clk 0:13:29]} Qxd5
{[%clk 0:07:57]} 20. Qxb7 {[%clk 0:11:59]} Bf6 {[%clk 0:08:13]} 21. c3
{[%clk 0:11:32]} Qd6 {[%clk 0:07:16]} 22. a3 {[%clk 0:07:13]} Be5
{[%clk 0:05:49]} 23. h3 {[%clk 0:05:07]} Qxd3 {[%clk 0:05:44]} 24. Rf3
{[%clk 0:04:43]} Qd2 {[%clk 0:04:27]} 25. Ref1 {[%clk 0:02:44]} Bd6
{[%clk 0:02:47]} 26. Kh1 {[%clk 0:02:28]} Be8 {[%clk 0:02:35]} 27. Qb5
{[%clk 0:02:47]} a5 {[%clk 0:02:03]} 28. Qd3+ {[%clk 0:02:13]} Qxd3
{[%clk 0:02:31]} 29. Rxd3 {[%clk 0:02:42]} Be7 {[%clk 0:02:22]} 30. Re3
{[%clk 0:02:54]} Kg8 {[%clk 0:02:20]} 31. Rf5 {[%clk 0:02:34]} Bg6
{[%clk 0:02:26]} 32. Rd5 {[%clk 0:02:46]} Bf8 {[%clk 0:02:35]} 33. Re6
{[%clk 0:02:08]} Bf7 {[%clk 0:02:44]} 34. Rxc5 {[%clk 0:02:31]} Bxe6
{[%clk 0:03:01]} 35. Rxc6 {[%clk 0:03:00]} Bb3 {[%clk 0:03:22]} 36. a4
{[%clk 0:02:56]} Bxa4 {[%clk 0:03:12]} 37. Ra6 {[%clk 0:03:25]} Kf7
{[%clk 0:03:24]} 38. Rxa5 {[%clk 0:03:53]} Bb3 {[%clk 0:03:42]} 39. Rf5+
{[%clk 0:03:07]} Ke8 {[%clk 0:03:46]} 40. Rb5 {[%clk 0:32:39]} Be6
{[%clk 0:33:30]} 41. Rb8+ {[%clk 0:32:37]} Kf7 {[%clk 0:31:22]} 42. b4
{[%clk 0:30:38]} Bd6 {[%clk 0:31:21]} 43. Rb6 {[%clk 0:30:00]} Ke7
{[%clk 0:30:48]} 44. Rb7+ {[%clk 0:30:28]} Kf6 {[%clk 0:30:04]} 45. b5
{[%clk 0:30:17]} Be5 {[%clk 0:21:33]} 46. b6 {[%clk 0:29:55]} Bd5
{[%clk 0:21:14]} 47. Ra7 {[%clk 0:29:18]} Bxc3 {[%clk 0:20:12]} 48. Rd7
{[%clk 0:23:36]} Be4 {[%clk 0:18:14]} 49. Rd6+ {[%clk 0:15:59]} Ke7
{[%clk 0:17:22]} 50. Rd1 {[%clk 0:16:27]} Ke6 {[%clk 0:15:32]} 51. Rc1
{[%clk 0:15:47]} Be5 {[%clk 0:13:45]} 52. Re1 {[%clk 0:14:57]} Bb7
{[%clk 0:13:53]} 53. Rc1 {[%clk 0:12:51]} g5 {[%clk 0:10:04]} 54. Rf1
{[%clk 0:12:05]} Bd6 {[%clk 0:09:31]} 55. Ra1 {[%clk 0:10:46]} Kd7
{[%clk 0:09:16]} 56. Ra5 {[%clk 0:09:27]} Be7 {[%clk 0:08:13]} 1/2-1/2

[Event "Team men HL 2016"]
[Site "Sochi"]
[Date "2016.05.07"]
[Round "6.10"]
[White "Belyakov, Bogdan"]
[Black "Chernobay, Artem"]
[Result "1/2-1/2"]
[LiveChessVersion "1.4.4"]
[BlackElo "2503"]
[WhiteElo "2493"]

1. e4 {[%clk 1:30:57]} e6 {[%clk 1:30:50]} 2. Nf3 {[%clk 1:29:07]} d5
{[%clk 1:30:57]} 3. Nc3 {[%clk 1:29:31]} Nf6 {[%clk 1:30:18]} 4. exd5
{[%clk 1:21:36]} exd5 {[%clk 1:30:16]} 5. d4 {[%clk 1:21:56]} Be7
{[%clk 1:27:25]} 6. Bd3 {[%clk 1:21:25]} O-O {[%clk 1:26:20]} 7. h3
{[%clk 1:21:05]} c5 {[%clk 1:23:05]} 8. dxc5 {[%clk 1:16:14]} Nbd7
{[%clk 1:21:43]} 9. O-O {[%clk 1:16:30]} Nxc5 {[%clk 1:22:08]} 10. Bg5
{[%clk 1:16:35]} Be6 {[%clk 0:50:43]} 11. Nd4 {[%clk 1:08:42]} Qb6
{[%clk 0:47:58]} 12. Rb1 {[%clk 1:07:50]} Rad8 {[%clk 0:44:40]} 13. Nce2
{[%clk 0:59:33]} a6 {[%clk 0:35:18]} 14. c3 {[%clk 0:54:17]} Nce4
{[%clk 0:35:33]} 15. Bh4 {[%clk 0:49:04]} Bc8 {[%clk 0:32:30]} 16. Ng3
{[%clk 0:42:25]} Rfe8 {[%clk 0:27:49]} 17. Nge2 {[%clk 0:26:46]} Nh5
{[%clk 0:17:22]} 18. Bxe7 {[%clk 0:25:59]} Rxe7 {[%clk 0:17:49]} 19. f3
{[%clk 0:18:02]} Neg3 {[%clk 0:11:14]} 20. Nxg3 {[%clk 0:17:57]} Nxg3
{[%clk 0:11:43]} 21. Re1 {[%clk 0:17:50]} Rde8 {[%clk 0:11:04]} 22. Rxe7
{[%clk 0:17:14]} Rxe7 {[%clk 0:11:29]} 23. Qd2 {[%clk 0:16:04]} Qf6
{[%clk 0:11:41]} 24. Re1 {[%clk 0:15:21]} h5 {[%clk 0:08:43]} 25. Kf2
{[%clk 0:12:04]} h4 {[%clk 0:06:48]} 26. Rxe7 {[%clk 0:12:04]} Qxe7
{[%clk 0:07:15]} 27. Qe3 {[%clk 0:11:48]} Kf8 {[%clk 0:07:31]} 28. Qxe7+
{[%clk 0:11:30]} Kxe7 {[%clk 0:07:57]} 29. f4 {[%clk 0:11:20]} Kd6
{[%clk 0:02:40]} 30. Nf3 {[%clk 0:11:03]} Bf5 {[%clk 0:03:04]} 31. Nxh4
{[%clk 0:10:44]} Bxd3 {[%clk 0:03:26]} 32. Kxg3 {[%clk 0:11:10]} Bb1
{[%clk 0:01:36]} 33. a3 {[%clk 0:11:22]} d4 {[%clk 0:01:36]} 34. cxd4
{[%clk 0:11:38]} Kd5 {[%clk 0:02:01]} 35. Nf3 {[%clk 0:11:19]} Bf5
{[%clk 0:01:47]} 36. Kf2 {[%clk 0:10:15]} Kc4 {[%clk 0:02:13]} 37. d5
{[%clk 0:07:48]} f6 {[%clk 0:00:46]} 38. Ke3 {[%clk 0:07:22]} Kxd5
{[%clk 0:01:12]} 39. g4 {[%clk 0:06:22]} Bb1 {[%clk 0:01:23]} 40. h4
{[%clk 0:36:21]} Bc2 {[%clk 0:30:52]} 41. h5 {[%clk 0:32:10]} Bd1
{[%clk 0:24:26]} 42. g5 {[%clk 0:23:08]} fxg5 {[%clk 0:24:18]} 43. fxg5
{[%clk 0:23:33]} Ke6 {[%clk 0:18:30]} 44. Kf4 {[%clk 0:20:55]} a5
{[%clk 0:17:18]} 45. Ke4 {[%clk 0:15:06]} Kf7 {[%clk 0:14:09]} 46. Ne5+
{[%clk 0:13:39]} Kg8 {[%clk 0:14:06]} 47. h6 {[%clk 0:13:46]} gxh6
{[%clk 0:14:29]} 48. gxh6 {[%clk 0:14:12]} b5 {[%clk 0:14:53]} 49. Nc6
{[%clk 0:14:30]} b4 {[%clk 0:15:17]} 50. Nxb4 {[%clk 0:12:29]} axb4
{[%clk 0:15:41]} 51. axb4 {[%clk 0:12:41]} Be2 {[%clk 0:14:27]} 52. Kd5
{[%clk 0:12:14]} Kh7 {[%clk 0:14:52]} 53. Kc5 {[%clk 0:06:51]} Kxh6
{[%clk 0:15:15]} 54. b5 {[%clk 0:07:15]} Kg5 {[%clk 0:15:14]} 55. b6
{[%clk 0:06:24]} Bf3 {[%clk 0:15:40]} 56. Kd6 {[%clk 0:06:48]} Kf4
{[%clk 0:15:52]} 57. b4 {[%clk 0:07:09]} Ke3 {[%clk 0:16:08]} 58. b5
{[%clk 0:07:09]} Kd4 {[%clk 0:16:33]} 59. Kc7 {[%clk 0:07:26]} Kc5
{[%clk 0:16:59]} 60. b7 {[%clk 0:07:43]} Kxb5 {[%clk 0:17:51]} 1/2-1/2

[Event "Team men HL 2016"]
[Site "Sochi"]
[Date "2016.05.07"]
[Round "6.11"]
[White "Nozdrachev, Leonid"]
[Black "Savitskiy, Sergey"]
[Result "0-1"]
[LiveChessVersion "1.4.4"]
[BlackElo "2401"]
[WhiteElo "2413"]

1. d4 {[%clk 1:30:53]} Nf6 {[%clk 1:30:43]} 2. c4 {[%clk 1:31:14]} g6
{[%clk 1:31:09]} 3. Nc3 {[%clk 1:31:32]} Bg7 {[%clk 1:31:34]} 4. e4
{[%clk 1:31:52]} d6 {[%clk 1:31:57]} 5. Nf3 {[%clk 1:31:56]} O-O {[%clk 1:32:20]}
6. Be2 {[%clk 1:32:14]} e5 {[%clk 1:30:44]} 7. O-O {[%clk 1:32:31]} Na6
{[%clk 1:30:59]} 8. dxe5 {[%clk 1:32:40]} dxe5 {[%clk 1:31:18]} 9. Be3
{[%clk 1:32:51]} Qxd1 {[%clk 1:26:27]} 10. Raxd1 {[%clk 1:32:02]} Bg4
{[%clk 1:24:46]} 11. a3 {[%clk 1:28:27]} c6 {[%clk 1:20:17]} 12. Rd2
{[%clk 1:19:53]} Bxf3 {[%clk 1:20:10]} 13. Bxf3 {[%clk 1:18:33]} Nc7
{[%clk 1:17:37]} 14. Na4 {[%clk 1:04:14]} Ne6 {[%clk 1:11:23]} 15. Nc5
{[%clk 0:54:19]} Nxc5 {[%clk 1:11:48]} 16. Bxc5 {[%clk 0:54:42]} Rfe8
{[%clk 1:12:05]} 17. Rfd1 {[%clk 0:54:29]} Bf8 {[%clk 1:12:06]} 18. Be3
{[%clk 0:53:31]} h6 {[%clk 1:09:45]} 19. h4 {[%clk 0:42:24]} Kg7 {[%clk 1:08:30]}
20. Rd3 {[%clk 0:39:37]} Be7 {[%clk 1:05:20]} 21. g3 {[%clk 0:39:19]} b6
{[%clk 1:04:50]} 22. Kf1 {[%clk 0:37:10]} Red8 {[%clk 0:59:04]} 23. Ke2
{[%clk 0:36:51]} Rxd3 {[%clk 0:54:59]} 24. Rxd3 {[%clk 0:37:04]} c5
{[%clk 0:48:34]} 25. Bd2 {[%clk 0:31:47]} Rd8 {[%clk 0:47:10]} 26. Bc3
{[%clk 0:27:06]} Rxd3 {[%clk 0:47:19]} 27. Kxd3 {[%clk 0:27:27]} Bd6
{[%clk 0:47:45]} 28. Bg2 {[%clk 0:19:53]} Nd7 {[%clk 0:40:26]} 29. b4
{[%clk 0:16:04]} Kf8 {[%clk 0:26:29]} 30. Bh3 {[%clk 0:10:56]} Ke7
{[%clk 0:26:48]} 31. Bd2 {[%clk 0:09:31]} h5 {[%clk 0:25:08]} 32. f4
{[%clk 0:09:00]} cxb4 {[%clk 0:24:40]} 33. axb4 {[%clk 0:08:37]} Nb8
{[%clk 0:24:27]} 34. Bc8 {[%clk 0:05:23]} Nc6 {[%clk 0:23:06]} 35. b5
{[%clk 0:05:37]} Nd4 {[%clk 0:21:28]} 36. Bc3 {[%clk 0:05:17]} f6
{[%clk 0:15:52]} 37. Bh3 {[%clk 0:02:04]} Ne6 {[%clk 0:14:03]} 38. f5
{[%clk 0:01:54]} Nc5+ {[%clk 0:14:00]} 39. Ke3 {[%clk 0:02:04]} g5
{[%clk 0:14:15]} 40. hxg5 {[%clk 0:30:54]} fxg5 {[%clk 0:44:29]} 41. Bf1
{[%clk 0:27:17]} g4 {[%clk 0:41:53]} 42. Be1 {[%clk 0:23:35]} Nd7
{[%clk 0:41:00]} 43. c5 {[%clk 0:21:54]} Bxc5+ {[%clk 0:40:17]} 44. Kd3
{[%clk 0:20:56]} Nf6 {[%clk 0:37:12]} 45. Kc4 {[%clk 0:19:42]} Nxe4
{[%clk 0:35:36]} 46. Kd5 {[%clk 0:18:33]} Ng5 {[%clk 0:35:57]} 47. Bc3
{[%clk 0:17:18]} Nf3 {[%clk 0:35:07]} 48. Bxe5 {[%clk 0:08:17]} Nxe5
{[%clk 0:35:10]} 49. Kxe5 {[%clk 0:08:45]} Bd6+ {[%clk 0:35:32]} 50. Ke4
{[%clk 0:05:19]} Bxg3 {[%clk 0:35:53]} 51. Ke3 {[%clk 0:04:29]} Kf6
{[%clk 0:36:13]} 52. Bd3 {[%clk 0:04:28]} Bd6 {[%clk 0:36:16]} 53. Kf2
{[%clk 0:04:16]} h4 {[%clk 0:36:23]} 54. Bf1 {[%clk 0:02:05]} Kxf5
{[%clk 0:36:18]} 55. Kg2 {[%clk 0:02:17]} h3+ {[%clk 0:36:37]} 56. Kg1
{[%clk 0:02:29]} Kg5 {[%clk 0:36:58]} 57. Kh1 {[%clk 0:02:31]} Kh4
{[%clk 0:37:23]} 58. Kg1 {[%clk 0:02:51]} g3 {[%clk 0:37:44]} 0-1

[Event "Team men HL 2016"]
[Site "Sochi"]
[Date "2016.05.07"]
[Round "6.12"]
[White "Sergeyev, Alexander"]
[Black "Bykov, Oleg"]
[Result "1-0"]
[LiveChessVersion "1.4.4"]
[BlackElo "2389"]
[WhiteElo "2388"]

1. d4 {[%clk 1:30:48]} Nf6 {[%clk 1:30:46]} 2. Nf3 {[%clk 1:30:57]} g6
{[%clk 1:30:51]} 3. g3 {[%clk 1:29:49]} Bg7 {[%clk 1:30:55]} 4. Bg2
{[%clk 1:30:17]} O-O {[%clk 1:31:15]} 5. O-O {[%clk 1:30:44]} d5 {[%clk 1:31:32]}
6. c4 {[%clk 1:30:54]} c6 {[%clk 1:29:47]} 7. cxd5 {[%clk 1:26:03]} cxd5
{[%clk 1:30:10]} 8. Nc3 {[%clk 1:25:56]} Nc6 {[%clk 1:30:17]} 9. Ne5
{[%clk 1:24:00]} Bf5 {[%clk 1:27:58]} 10. Bf4 {[%clk 1:15:21]} Qb6
{[%clk 1:25:04]} 11. Nxc6 {[%clk 1:14:46]} bxc6 {[%clk 1:25:25]} 12. Na4
{[%clk 1:14:51]} Qa6 {[%clk 1:23:41]} 13. Be5 {[%clk 1:14:41]} Nd7
{[%clk 1:16:35]} 14. Bxg7 {[%clk 1:13:32]} Kxg7 {[%clk 1:15:44]} 15. b3
{[%clk 1:12:55]} Rac8 {[%clk 1:11:10]} 16. Qd2 {[%clk 1:08:20]} Kg8
{[%clk 1:07:01]} 17. Rac1 {[%clk 1:00:22]} Rfe8 {[%clk 1:05:14]} 18. Nc5
{[%clk 1:00:04]} Nxc5 {[%clk 1:03:00]} 19. Rxc5 {[%clk 1:00:25]} e5
{[%clk 0:58:25]} 20. dxe5 {[%clk 0:59:30]} Rxe5 {[%clk 0:57:35]} 21. e3
{[%clk 0:59:44]} Ree8 {[%clk 0:42:24]} 22. Rfc1 {[%clk 0:59:25]} Be4
{[%clk 0:40:35]} 23. Bf1 {[%clk 0:58:31]} Qb6 {[%clk 0:36:24]} 24. Bh3
{[%clk 0:55:32]} Rc7 {[%clk 0:34:39]} 25. Qc3 {[%clk 0:54:27]} Rf8
{[%clk 0:25:55]} 26. b4 {[%clk 0:50:31]} Rb7 {[%clk 0:20:22]} 27. a3
{[%clk 0:48:03]} Qd8 {[%clk 0:19:47]} 28. Qd4 {[%clk 0:47:56]} Rb6
{[%clk 0:16:18]} 29. Rxc6 {[%clk 0:45:19]} Rxc6 {[%clk 0:16:43]} 30. Rxc6
{[%clk 0:45:37]} Qe7 {[%clk 0:13:55]} 31. Bg2 {[%clk 0:44:14]} Qd7
{[%clk 0:12:49]} 32. Rc5 {[%clk 0:43:14]} Rd8 {[%clk 0:12:04]} 33. h4
{[%clk 0:41:17]} Bxg2 {[%clk 0:11:48]} 34. Kxg2 {[%clk 0:41:40]} Qe6
{[%clk 0:11:35]} 35. b5 {[%clk 0:40:55]} Qd6 {[%clk 0:10:47]} 36. a4
{[%clk 0:41:01]} Qd7 {[%clk 0:10:33]} 37. a5 {[%clk 0:37:11]} Qd6
{[%clk 0:10:42]} 38. Rc6 {[%clk 0:37:00]} Qd7 {[%clk 0:10:53]} 39. a6
{[%clk 0:36:18]} Rb8 {[%clk 0:09:19]} 40. Rc5 {[%clk 0:48:02]} Rd8
{[%clk 0:39:09]} 41. h5 {[%clk 0:43:13]} gxh5 {[%clk 0:36:23]} 42. Qh4
{[%clk 0:41:09]} Qd6 {[%clk 0:30:26]} 43. Qxh5 {[%clk 0:40:57]} Qe7
{[%clk 0:20:59]} 44. Qf5 {[%clk 0:38:54]} Qd6 {[%clk 0:13:28]} 45. Rc6
{[%clk 0:37:26]} Qe7 {[%clk 0:12:25]} 46. b6 {[%clk 0:34:40]} axb6
{[%clk 0:12:12]} 47. Rxb6 {[%clk 0:34:58]} Rf8 {[%clk 0:07:07]} 48. Rh6
{[%clk 0:33:04]} Qe4+ {[%clk 0:06:44]} 49. Qxe4 {[%clk 0:33:30]} dxe4
{[%clk 0:06:42]} 50. a7 {[%clk 0:33:58]} Kg7 {[%clk 0:06:25]} 51. Ra6
{[%clk 0:34:20]} Ra8 {[%clk 0:06:50]} 52. g4 {[%clk 0:34:43]} f6 {[%clk 0:05:41]}
53. Kg3 {[%clk 0:35:06]} Kg6 {[%clk 0:06:03]} 54. Kf4 {[%clk 0:35:31]} h6
{[%clk 0:05:57]} 55. Ra5 {[%clk 0:35:48]} Kf7 {[%clk 0:05:55]} 1-0

[Event "Team men HL 2016"]
[Site "Sochi"]
[Date "2016.05.07"]
[Round "6.13"]
[White "Alekseenko, Kirill"]
[Black "Nikolenko, Oleg"]
[Result "1-0"]
[LiveChessVersion "1.4.4"]
[BlackElo "2505"]
[WhiteElo "2570"]

1. e4 {[%clk 1:30:39]} Nf6 {[%clk 1:30:50]} 2. e5 {[%clk 1:30:51]} Nd5
{[%clk 1:31:15]} 3. d4 {[%clk 1:30:55]} d6 {[%clk 1:31:38]} 4. Nf3
{[%clk 1:31:18]} dxe5 {[%clk 1:31:54]} 5. Nxe5 {[%clk 1:31:19]} c6
{[%clk 1:32:05]} 6. Be2 {[%clk 1:23:06]} Bf5 {[%clk 1:29:50]} 7. O-O
{[%clk 1:19:57]} Nd7 {[%clk 1:26:24]} 8. Bd3 {[%clk 1:16:04]} Bxd3
{[%clk 1:23:49]} 9. Nxd3 {[%clk 1:16:30]} e6 {[%clk 1:22:35]} 10. c4
{[%clk 1:15:18]} N5f6 {[%clk 1:22:27]} 11. Nc3 {[%clk 1:14:52]} Be7
{[%clk 1:20:04]} 12. Bf4 {[%clk 1:08:53]} O-O {[%clk 1:18:27]} 13. Re1
{[%clk 1:08:36]} c5 {[%clk 1:15:35]} 14. Be5 {[%clk 0:52:29]} cxd4
{[%clk 1:11:03]} 15. Bxd4 {[%clk 0:52:52]} Qc7 {[%clk 1:09:37]} 16. b3
{[%clk 0:50:44]} a6 {[%clk 1:09:01]} 17. Qf3 {[%clk 0:44:47]} Bd6
{[%clk 1:07:50]} 18. h3 {[%clk 0:37:49]} e5 {[%clk 1:06:18]} 19. Be3
{[%clk 0:37:14]} b5 {[%clk 1:05:55]} 20. Nd5 {[%clk 0:34:21]} Nxd5
{[%clk 1:05:07]} 21. cxd5 {[%clk 0:34:31]} Nf6 {[%clk 1:04:11]} 22. Rac1
{[%clk 0:33:21]} Qa5 {[%clk 1:00:35]} 23. Qd1 {[%clk 0:25:29]} Rfc8
{[%clk 0:49:05]} 24. Bg5 {[%clk 0:19:45]} Ne8 {[%clk 0:39:44]} 25. Rxc8
{[%clk 0:18:24]} Rxc8 {[%clk 0:40:09]} 26. Nxe5 {[%clk 0:16:52]} h6
{[%clk 0:22:04]} 27. Nc6 {[%clk 0:15:43]} Qxa2 {[%clk 0:18:18]} 28. Qg4
{[%clk 0:15:07]} Ra8 {[%clk 0:16:46]} 29. Nd8 {[%clk 0:06:36]} hxg5
{[%clk 0:11:12]} 30. Rxe8+ {[%clk 0:07:03]} Bf8 {[%clk 0:11:38]} 31. Qf5
{[%clk 0:06:55]} Qa1+ {[%clk 0:10:49]} 32. Kh2 {[%clk 0:07:21]} Qf6
{[%clk 0:11:11]} 33. Qxf6 {[%clk 0:07:38]} gxf6 {[%clk 0:11:37]} 34. d6
{[%clk 0:06:24]} Ra7 {[%clk 0:11:45]} 35. Nc6 {[%clk 0:06:50]} Rd7
{[%clk 0:11:46]} 36. Ne7+ {[%clk 0:07:06]} Kg7 {[%clk 0:12:06]} 37. g4
{[%clk 0:07:15]} a5 {[%clk 0:10:55]} 38. Nf5+ {[%clk 0:07:35]} Kg8
{[%clk 0:11:20]} 39. Kg2 {[%clk 0:07:39]} Ra7 {[%clk 0:11:02]} 40. Rd8
{[%clk 0:38:01]} 1-0